Entrepreneurship motivation, performance and rewards / (Record no. 155303)
[ view plain ]
| 000 -LEADER | |
|---|---|
| fixed length control field | 00736nam a22002417a 4500 |
| 003 - CONTROL NUMBER IDENTIFIER | |
| control field | dpl |
| 005 - DATE AND TIME OF LATEST TRANSACTION | |
| control field | 20180802131124.0 |
| 008 - FIXED-LENGTH DATA ELEMENTS--GENERAL INFORMATION | |
| fixed length control field | 180802b xxu||||| |||| 00| 0 eng d |
| 010 ## - LIBRARY OF CONGRESS CONTROL NUMBER | |
| LC control number | B-223544 |
| 016 ## - NATIONAL BIBLIOGRAPHIC AGENCY CONTROL NUMBER | |
| Record control number | B-223544 |
| 020 ## - INTERNATIONAL STANDARD BOOK NUMBER | |
| Terms of availability | 680.00 |
| International Standard Book Number | 8176297291 |
| 035 ## - SYSTEM CONTROL NUMBER | |
| System control number | B-223544 |
| 037 14 - SOURCE OF ACQUISITION | |
| Source of stock number/acquisition | BPPD/PUB |
| 040 ## - CATALOGING SOURCE | |
| Transcribing agency | 0 |
| 082 1# - DEWEY DECIMAL CLASSIFICATION NUMBER | |
| Classification number | 338.04 |
| 100 1# - MAIN ENTRY--PERSONAL NAME | |
| Personal name | Saxena, Anand |
| 245 ## - TITLE STATEMENT | |
| Title | Entrepreneurship motivation, performance and rewards / |
| Statement of responsibility, etc | by Anand Saxena, R.A. Sharma |
| 260 ## - PUBLICATION, DISTRIBUTION, ETC. (IMPRINT) | |
| Place of publication, distribution, etc | New delhi |
| Name of publisher, distributor, etc | Deep and deep publications pvt. Ltd |
| Date of publication, distribution, etc | 2005 |
| 270 ## - ADDRESS | |
| Address | F-159, Rajouri garden |
| City | New delhi |
| Postal code | 110027 |
| 300 ## - PHYSICAL DESCRIPTION | |
| Extent | xx, 335p. |
| Dimensions | 21cm (Hb) |
| 700 ## - ADDED ENTRY--PERSONAL NAME | |
| Personal name | Sharma.R.A |
| 942 ## - ADDED ENTRY ELEMENTS (KOHA) | |
| Institution code [OBSOLETE] | dpl |
| Koha item type | English Books |
| Call number prefix | 338.04 / SAX |
| Source of classification or shelving scheme | Dewey Decimal Classification |
| Classification part | 338.04 |
| Call number suffix | SAX |
| Withdrawn status | Lost status | Source of classification or shelving scheme | Damaged status | Not for loan | Collection code | Home library | Current library | Date acquired | Source of acquisition | Cost, normal purchase price | Total Checkouts | Full call number | Barcode | Date last seen | Cost, replacement price | Price effective from | Koha item type |
|---|---|---|---|---|---|---|---|---|---|---|---|---|---|---|---|---|---|
| Dewey Decimal Classification | Non-fiction | Shahdara Branch | Shahdara Branch | 02/08/2018 | BPPD/PUB | 680.00 | 338.04 SAX | B-223544 | 02/08/2018 | 680.00 | 02/08/2018 | English Books |
